| 000 | 00685nam a2200181 a 4500 | ||
|---|---|---|---|
| 001 | 000045235 | ||
| 005 | 20260305073952.0 | ||
| 008 | 150212s1982 dr c 000 0 spa d | ||
| 040 |
_aDO-SdBNP _bspa _cBNPHU |
||
| 041 | 1 | 7 |
_aspa _beng _hfra _hale |
| 100 | 1 |
_aMoya Pons, Frank, _d1944- _92095 |
|
| 245 | 1 | 3 |
_aLa República Dominicana. / _ctextos Frank Moya Pons, Socidad Dominicana de Bibliofilos; fotografía Pier Giorgio Sclarandis. |
| 260 |
_aSanto Domingo : _bT.R.P., _c1982. |
||
| 300 |
_aVarias paginación : _bretrs. ; _c34 cm. |
||
| 710 | 1 |
_aSociedad Dominicana de Bibliofilos _934803 |
|
| 700 | 1 |
_aSclarandis, Pier Giorgio _efot. _973254 |
|
| 710 | 1 |
_aTourist Research & Planning _973255 |
|
| 999 |
_c44724 _d44724 |
||